La historia del gol en Colombia / (Registro nro. 11515)

Detalles MARC
000 -LEADER
fixed length control field 01777cam a2200289 i 4500
003 - CONTROL NUMBER IDENTIFIER
control field OSt
005 - DATE AND TIME OF LATEST TRANSACTION
control field 20210419155708.0
008 - FIXED-LENGTH DATA ELEMENTS--GENERAL INFORMATION
fixed length control field 150404s2013 ck ao gr 000 0cspa d
020 ## - INTERNATIONAL STANDARD BOOK NUMBER
International Standard Book Number 9789588745633
040 ## - CATALOGING SOURCE
Original cataloging agency CO-BoBLA
Transcribing agency CO-JMCR
041 0# - LANGUAGE CODE
Language code of text/sound track or separate title spa
043 ## - GEOGRAPHIC AREA CODE
Geographic area code s-ck---
082 04 - DEWEY DECIMAL CLASSIFICATION NUMBER
Classification number 796.334 /
Item number R934h
Edition number 23
100 1# - MAIN ENTRY--PERSONAL NAME
Personal name Ruíz Bonilla, Guillermo,
Relator term autor
9 (RLIN) 10417
245 13 - TITLE STATEMENT
Title La historia del gol en Colombia /
Statement of responsibility, etc. Guillermo Ruiz Bonilla ; prólogo César Augusto Londoño ; colaboradores Juan Guillermo Ruiz Matallana [y otros tres]
250 ## - EDITION STATEMENT
Edition statement Primera edición.
260 ## - PUBLICATION, DISTRIBUTION, ETC.
Place of publication, distribution, etc. Bogotá :
Name of publisher, distributor, etc. Universidad Sergio Arboleda, Fondo de Publicaciones,
Date of publication, distribution, etc. 2013.
300 ## - PHYSICAL DESCRIPTION
Extent 407 páginas :
Other physical details ilustraciones, fotografías a color ;
Dimensions 32 cm.
504 0# - BIBLIOGRAPHY, ETC. NOTE
Bibliography, etc. note Incluye referencias bibliográficas (página 407).
505 ## - FORMATTED CONTENTS NOTE
Formatted contents note Una historia de goles y goleadores. -- El primer gol de cada equipo. -- Botín de oro. -- Goleadores por equipos. -- Goleadores por nacionalidades. -- Los goleadores de los clásicos. -- El clan de los 100. -- Los goles olímpicos. -- Grandes goleadas. -- Anecdotario del gol. -- Colombia: goles y goleadores. -- Parejas goleadoras. -- Goleadores en un mismo partido. -- Familias goleadoras. -- Los goles mas rápidos. -- Los arqueros y el gol. -- Arqueros antigol. -- Arqueros antipenal. -- Remontadas históricas. -- Récords. -- Invictos. -- Partidos con más goles. -- Máximas goleadas a favor y en contra. -- Goles y goleadores en Copa América.
650 14 - SUBJECT ADDED ENTRY--TOPICAL TERM
Topical term or geographic name entry element Fútbol colombiano
General subdivision Historia
9 (RLIN) 36983
650 24 - SUBJECT ADDED ENTRY--TOPICAL TERM
Topical term or geographic name entry element Futbolistas colombianos
General subdivision Historia
9 (RLIN) 36984
650 24 - SUBJECT ADDED ENTRY--TOPICAL TERM
Topical term or geographic name entry element Futbolistas colombianos
Form subdivision Biografías
9 (RLIN) 36985
700 1# - ADDED ENTRY--PERSONAL NAME
Personal name Londoño, César Augusto,
Relator term prologuista
9 (RLIN) 10413
942 ## - ADDED ENTRY ELEMENTS (KOHA)
Source of classification or shelving scheme Dewey Decimal Classification
Koha item type Books
Existencias
Withdrawn status Lost status Source of classification or shelving scheme Damaged status Not for loan Home library Current library Shelving location Date acquired Source of acquisition Total Checkouts Full call number Barcode Date last seen Date last checked out Copy number Price effective from Koha item type
    Dewey Decimal Classification     Biblioteca Pública José María del Castillo y Rada Biblioteca Pública José María del Castillo y Rada General Stacks 04/15/2018 Donación 6 796.334 / R934h 430001445 10/21/2025 10/21/2025 Ej.1 03/10/2021 Books